[Event "Pan American-ch School U13 Girls"]
[Site "Medellin"]
[Date "2019.11.14"]
[Round "5"]
[White "Acosta Camarillo, Ana Isabella"]
[Black "Raigoso Gonzalez, Sharick Lorena"]
[Result "1-0"]
[WhiteElo "1398"]
[BlackElo "1006"]
[PlyCount "51"]
[EventDate "2019.11.12"]
[EventType "swiss"]
[EventRounds "9"]
[EventCountry "COL"]
[SourceTitle "CBM 193 Extra"]
[Source "ChessBase"]
[SourceDate "2020.01.31"]
[SourceVersion "1"]
[SourceVersionDate "2020.01.31"]
[SourceQuality "1"]

1. e4 e5 2. Nf3 Nc6 3. Nc3 Bc5 4. Nxe5 Qf6 5. Nf3 a6 6. d3 d6 7. Nd5 Qd8 8. Be2 Nf6 9. Bg5 Be6 10. Nf4 Bg4 11. h3 Bd7 12. Nh5 h6 13. Bxf6 gxf6 14. Ng7+ Kf8 15. Nh5 f5 16. exf5 Bxf5 17. Ng3 Bh7 18. Qd2 Qf6 19. c3 Re8 20. d4 Ba7 21. 0-0 Qe6 22. d5 Qd7 23. dxc6 Qxc6 24. Qxh6+ Kg8 25. Nh5 Bf5 26. Qg7# 1-0

[Event "COL-ch sf3 U12"]
[Site "Moniquira"]
[Date "2019.05.26"]
[Round "6.11"]
[White "Rodriguez Bernal, Lucy Angelina"]
[Black "Raigoso Gonzalez, Sharick Lorena"]
[Result "0-1"]
[WhiteElo "1368"]
[BlackElo "1324"]
[PlyCount "25"]
[EventDate "2019.05.23"]
[EventType "swiss"]
[EventRounds "6"]
[EventCountry "COL"]
[SourceTitle "EXT 2024"]
[Source "ChessBase"]
[SourceDate "2023.10.10"]
[SourceVersion "1"]
[SourceVersionDate "2023.10.10"]
[SourceQuality "1"]

1. d4 d5 2. Bf4 Bf5 3. e3 a6 4. Nf3 Nf6 5. Nbd2 Nc6 6. c3 h6 7. Be2 e6 8. h3 Be7 9. Ne5 Nxe5 10. dxe5 Ne4 11. Nxe4 Bxe4 12. Bd3 Bxd3 13. Qxd3 0-1

[Event "COL-ch U12 sf1"]
[Site "Duitama"]
[Date "2019.04.11"]
[Round "1.6"]
[White "Raigoso Gonzalez, Sharick Lorena"]
[Black "Cabiativa, Juan Esteban"]
[Result "0-1"]
[WhiteElo "1304"]
[BlackElo "1372"]
[PlyCount "30"]
[EventDate "2019.04.11"]
[EventType "swiss"]
[EventRounds "6"]
[EventCountry "COL"]
[SourceTitle "EXT 2024"]
[Source "ChessBase"]
[SourceDate "2023.10.10"]
[SourceVersion "1"]
[SourceVersionDate "2023.10.10"]
[SourceQuality "1"]

1. c4 d5 2. cxd5 Qxd5 3. d4 e5 4. dxe5 Qxe5 5. Nf3 g6 6. g3 Qg7 7. Bg2 Qe5 8. 0-0 Qg7 9. Nc3 Be7 10. Qd4 Qxd4 11. Nxd4 Nf6 12. Bg5 h5 13. h4 Ne4 14. Bxe7 Kxe7 15. Ncb5 Bd7 0-1